| 000 | 00579nam a22002057a 4500 | ||
|---|---|---|---|
| 999 |
_c7364 _d7364 |
||
| 003 | OSt | ||
| 005 | 20211022122529.0 | ||
| 008 | 211022b ||||| |||| 00| 0 eng d | ||
| 020 | _a978012552050X | ||
| 040 | _cDDC | ||
| 082 | _a666.084HIL 1980 | ||
| 100 |
_a Hilton,W. Mark; _915096 |
||
| 245 |
_aFeeding and Nutrition of Beef Cattle. _cEdited by Hilton,W. Mark; |
||
| 250 | _a2nd Ed. | ||
| 260 |
_aUK. _bAcademic Press Limited. _c1980. |
||
| 300 |
_axx,389p; _bill; _c26cm |
||
| 504 | _aIncludes; References and index. | ||
| 650 |
_aAgriculture. _94591 |
||
| 942 |
_2ddc _cO_SHELF |
||